| 000 | 00739nam a22002177a 4500 | ||
|---|---|---|---|
| 999 |
_c17688 _d17688 |
||
| 003 | AR-CdUCM | ||
| 008 | 190509b ||||| |||| 00| 0 spa d | ||
| 040 |
_aMUNICIPALIDAD PROVINCIAL DEL CUSCO _cBIBLIOTECA MUNICIPAL DEL CUSCO |
||
| 082 |
_a869.56 / _bH83 |
||
| 100 |
_aHuanay, Julián, _98621 |
||
| 245 | _aSuburbios / | ||
| 260 |
_aLima : _bGráfica labor, _c1968. |
||
| 300 |
_a126 paginas ; _c18 cm. |
||
| 505 | _aContenido : Aída -- Champi -- Tinieblas -- El negro perico -- Dos maestros -- Alumbramiento... | ||
| 650 |
_a Desarrollo social en la literatura _937828 |
||
| 650 |
_aLiteratura juvenil. _91580 |
||
| 650 |
_aCuentos peruanos _97 |
||
| 650 |
_a Siglo XX. _916642 |
||
| 942 |
_2ddc _cLIBROS |
||
| 945 |
_awnts _d2019-05-09 |
||